000 00506nam a2200097Ia 4500
008 170517s9999 xx 000 0 und d
245 _aFreedom to Broadcast Hate
300 _aSectarian violence is ripping the Mid-East apart. The two sects of Islam, Sunni and Shia, are fighting against each other in Syria and Iraq. Tensions are rising across the region, but what's provoking this wave of violence? This documentary...
650 _xMedia.
856 _uhttp://topdocumentaryfilms.com/freedom-broadcast-hate/
999 _c333531
_d333531